UM Logo

Essentials of planning, selecting, and tailoring interventions for unique learners / (Record no. 13782)

MARC details
000 -LEADER
fixed length control field 00933nam a22002297a 4500
008 - FIXED-LENGTH DATA ELEMENTS--GENERAL INFORMATION
fixed length control field 190410b ||||| |||| 00| 0 eng d
020 ## - INTERNATIONAL STANDARD BOOK NUMBER
International Standard Book Number 9781118420652
082 ## - DEWEY DECIMAL CLASSIFICATION NUMBER
Edition number 2014
Classification number AV-Eb 371.9
Item number M395
100 ## - MAIN ENTRY--PERSONAL NAME
Personal name Mascolo, Jennifer T.
9 (RLIN) 38295
245 ## - TITLE STATEMENT
Title Essentials of planning, selecting, and tailoring interventions for unique learners /
Statement of responsibility, etc. Jennifer T. Mascolo, Dawn P. Flanagan, and Vincent C. Alfonso.
260 ## - PUBLICATION, DISTRIBUTION, ETC. (IMPRINT)
Name of publisher, distributor, etc. John Wiley & Sons, Incorporated
Date of publication, distribution, etc. ©2014.
300 ## - PHYSICAL DESCRIPTION
Extent 498 pages;
440 ## - SERIES STATEMENT/ADDED ENTRY--TITLE
Title Essentials of Psychological Assessment Ser.
9 (RLIN) 38296
500 ## - GENERAL NOTE
General note Includes index.
650 ## - SUBJECT ADDED ENTRY--TOPICAL TERM
Topical term or geographic name as entry element Remedial teaching.
9 (RLIN) 38297
650 ## - SUBJECT ADDED ENTRY--TOPICAL TERM
Topical term or geographic name as entry element Special education.
9 (RLIN) 38298
650 ## - SUBJECT ADDED ENTRY--TOPICAL TERM
Topical term or geographic name as entry element Students with disabilities -- Education.
9 (RLIN) 38299
700 ## - ADDED ENTRY--PERSONAL NAME
Personal name Flanagan,Dawn P.
9 (RLIN) 38300
700 ## - ADDED ENTRY--PERSONAL NAME
Personal name Alfonso, Vincent C.
9 (RLIN) 38301
856 ## - ELECTRONIC LOCATION AND ACCESS
Link text https://ebookcentral.proquest.com/lib/uniofmindanao-ebooks/detail.action?docID=1641068
942 ## - ADDED ENTRY ELEMENTS (KOHA)
Source of classification or shelving scheme Dewey Decimal Classification
Koha item type Ebooks
Holdings
Withdrawn status Lost status Source of classification or shelving scheme Damaged status Not for loan Home library Current library Shelving location Date acquired Source of acquisition Total Checkouts Full call number Barcode Date last seen Copy number Price effective from Koha item type
    Dewey Decimal Classification     UM Digos College - LIC UM Digos College - LIC Processing Center 04/10/2019 Downloaded   AV-Eb 371.9 M395 Eb151 04/10/2019 1 04/10/2019 Ebooks